Közgazdasági Szemle

Guardado en:
Detalles Bibliográficos
Formato: Seriadas
Lenguaje:húngaro
Publicado: Budapest Akadémiai Kiadó és Nyomda 1988
Materias:
Etiquetas: Agregar Etiqueta
Sin Etiquetas, Sea el primero en etiquetar este registro!

MARC

LEADER 00000nas2a2200000 4500
001 s035878
005 20250730114146.8
041 0 |a hun 
044 |a HU 
245 1 0 |a Közgazdasági Szemle 
264 1 |a Budapest  |b Akadémiai Kiadó és Nyomda  |c 1988 
773 0 |w eu_un_cat*s120159 
610 2 0 |a ekonómia 
610 2 0 |a ekonómia politická